| 000 | 00982na a2200301 4500 | ||
|---|---|---|---|
| 001 | 13756 | ||
| 003 | MIRAKIL | ||
| 005 | 20181213154800.0 | ||
| 008 | 161102b tu 000 0 | ||
| 020 | _a9757339083 | ||
| 040 |
_aMilas _btur _cTR-AnCHP |
||
| 082 |
_a355.02 _bT56r 1994 |
||
| 090 | _a355.02 T56r 1994 | ||
| 100 | _aToffler, Alvin | ||
| 245 |
_a21. yüzyılın şafağında savaş ve savaş karşıtı mücadele _cAlvin Toffler, Heidi Toffler; çeviren Mehmet Harmancı |
||
| 246 | _aSavaş ve savaş karşıtı mücadele | ||
| 260 |
_aİstanbul _bGençlik yayınları _c1994 |
||
| 300 |
_ax, 266 s. _c24 sm. |
||
| 500 | _aÖzgün yapıt adı: War and Anti-war survival at the dawn of the twenty-first century | ||
| 650 | _aGelecekbilim | ||
| 650 |
_aSavaşlar _xFelsefe |
||
| 650 | _aAskerlik bilimi | ||
| 650 | _aBarış | ||
| 700 | _aHarmancı, Mehmet | ||
| 700 | _aToffler, Heidi | ||
| 740 | _aSavaş ve savaş karşıtı mücadele | ||
| 942 |
_2ddc _cBKS |
||
| 999 |
_c769 _d769 |
||